| 000 | 01207nam a2200325 i 4500 | ||
|---|---|---|---|
| 003 | EG-ScBUE | ||
| 005 | 20230212054945.0 | ||
| 008 | 201217s2019 ua f 000 1 ara d | ||
| 017 | _a2016 / 27514 | ||
| 020 | _a9789770933770 | ||
| 040 |
_aEG-ScBUE _bara _erda _cEG-ScBUE _dEG-ScBUE |
||
| 041 | 1 |
_aara _htur |
|
| 082 | 0 | 4 |
_a894.3533 _bب ا م _222 |
| 100 | 1 |
_aباموق، أورهان، _d1952- _eمؤلف. |
|
| 240 | 1 | 0 |
_aKara kitap. _lArabic |
| 245 | 1 | 2 |
_aالكتاب الأسود / _cأورهان باموق ؛ ترجمة عبد القادر عبد اللي. |
| 250 | _aالطبعة الثانية. | ||
| 264 | 1 |
_aالقاهرة : _bدار الشروق، _c2019. |
|
| 300 |
_a495 صفحة ؛ _c22 سم |
||
| 336 |
_aنص _btxt _2rdacontent |
||
| 337 |
_aبدون وسيط _bn _2rdamedia |
||
| 338 |
_aمجلد _bnc _2rdacarrier |
||
| 541 | _aBook Fair 2023. | ||
| 546 | _aالنص باللغة العربية وتم ترجمته من اللغة التركية. | ||
| 650 | 7 |
_aالقصص التركية _xترجمات إلى العربية. _2BUEsh |
|
| 653 |
_bGGEN _cFebruary2023 |
||
| 655 | _vReading book | ||
| 700 | 1 |
_aعبد اللي، عبد القادر، _eمترجم. |
|
| 942 | _2ddc | ||
| 999 |
_c30127 _d30098 |
||